000 00304nam a22001337a 4500
008 170622b xxu||||| |||| 00| 0 eng d
020 _a9780534222123
041 _aeng
080 _29TH
_a328
100 _a21
101 _aSHP
245 _aMAJOR EUROPEAN GOVERNMENTS
_cRASMUSSEN,J.S
942 _2udc
_cBK
999 _c18765
_d18765